000 00968nac a22002537a 4500
001 BR7404086
003 BR-BrBNA
005 20240201142217.0
008 230509b bl.|||m| |||| 00| 0 por d
040 _aBR-BrBNA
_bpor
_cBiblioteca Nacional de Agricultura
072 _aA50; F00
090 _aA50
_bBR7404086
110 1 _aSuperintendencia do Desenvolvimento do Estado do Ceara, Fortaleza (Brasil). Depto. de Recursos Naturais
_910107
245 1 _aRelatorio de atividades do exercicio de 1973 [Superintendencia do Desenvolvimento do Estado do Ceara. Departamento de Recursos Naturais, Brasil]
260 3 _aFortaleza, CE (Brasil):
_c1973.
300 _a40 p.
490 _aRelatorio - Superintendencia do Desenvolvimento do Estado do Ceara. Depto. de Recursos Naturais (Brazil)
650 _aPROGRAMA DE PESQUISA
650 _aPESQUISA AGRICOLA
650 _aRECURSO NATURAL
650 _aIRRIGACAO
650 _aREFORMA AGRARIA
942 _2AGRIS
_n0
_cMS
999 _c265534
_d265534